02023nam a2200349Ia 450000500170000000800390001702000150005608200180007110000200008924501340010925000190024330000430026265000320030565000320033765000280036965000400039794200120043726400340044933600270048333700330051033800280054304000350057199900150060695201310062195201310075295201310088395201330101495201300114795201310127795201320140895201330154020220317000647.0160601s2003 ag a g 000 0 spa a950121098704a658.31 bG19s1 aGay, Charles L.13aLa subcontratación de bienes y servicios buna guía práctica para el manejo de los recursos estratégicos cCharles L. Gay a1a. edición  a223 páginas bilustraciones c22 cm 142LEMBaContratos de trabajo 142LEMBaContratos de servicio142LEMBaRecursos humanos 142LEMBaAdministración de personal  2ddccBK aBuenos Aires bPaidósc2003 atextobtxt2rdacontent asin mediaciónbn2rdamedia avolumenbnc2rdacarrier aCO-BoRNBPbspaerdacCO-BoRNBP c4698d4698 00102ddc40708GENaMEDORADObMEDORADOcGENd2023-01-10l0o658.31 G19spDOR00638r2023-01-10 00:00:00tEj.1w2023-01-10yBK 00102ddc40708GENaMEPRICObMEPRICOcGENd2023-01-31l0o658.31 G19spPR00000671r2023-01-31 00:00:00tEj.1w2023-01-31yBK 00102ddc40708GENaMESMARTIbMESMARTIcGENd2023-08-11l0o658.31 D19spSM001599r2023-08-11 20:45:20tEj.1w2023-08-11yBK 00102ddc40708GENaMEMAPIRIbMEMAPIRIcGENd2024-01-05l0o658.31 G19spMAP0000807r2024-01-05 15:51:29tEj.1w2024-01-05yBK 00102ddc40708GENaMEURIBEbMEURIBEcGENd2024-08-09l0o658.31 G19s pURI00846r2024-08-09 12:20:12tEj.1w2024-08-09yBK 00102ddc40708GENaMEBAUPIAbMEBAUPIAcGENd2025-07-08l0o658.31 G19spBUP1785r2025-07-08 16:24:38tEj.1w2025-07-08yBK 00102ddc40708GENaMEPLOPEZbMEPLOPEZcGENd2025-07-22l0o658.31 G19spPLZ02500r2025-07-22 11:36:07tEj.1w2025-07-22yBK 00102lcc40708GENaMEPCONCObMEPCONCOcGENd2026-02-19l0o658.31 G19spPCON02166r2026-02-19 15:48:00tEj.1w2026-02-19yBK